000 00635nam a2200229Ia 4500
003 OSt
005 20220928121549.0
006 a|||||r|||| 00| 0
007 ta
008 220927b |||||||| |||| 00| 0 eng d
024 _a38167
037 _cReference Collections
040 _aSDCL
_cSDCL
_beng
041 _2eng
_aeng
082 _aX:8g, L6 RR
100 _aBuskirk Richard H
_9453108
245 0 _aHandbook of Managerial tactics.
260 _aBoston
_bCheners Books
_c1976
300 _axiii,242p
_ccm.
942 _hX:8g, L6 RR
_cREF
_2CC
999 _c767037
_d767037